Tilastot visalle Ruotsin kaupunkeja kartalla

Klikkaa tästä pelataksesi tätä visaa!

Yleistilastot

  • Tätä visaa on pelattu 100 kertaa
  • Keskiarvotulos 11 / 20

Vastaukset kartalla

Vastauksille on annettu kartalla punavihreä väri sen mukaan, kuinka moni on saanut sen oikein.
 

Vastaustilastot

Vastaus% Oikein
Tukholma
98%
Kiiruna
77%
Malmö
75%
Uumaja
74%
Visby
74%
Luulaja
70%
Uppsala
70%
Göteborg
68%
Östersund
55%
Kalmar
49%
Sundsvall
45%
Linköping
43%
Gävle
38%
Örebro
38%
Jönköping
36%
Eskilstuna
34%
Karlstad
32%
Växjö
30%
Halmstad
28%
Borlänge
26%

Tulosjakauma

Persentiili vastausten määrän mukaan

Jokaisen tuloksen saaneiden osuus

Tuloshistoriasi

Et ole pelannut tätä visaa